000 00693nam a2200181Ia 4500
008 090630s9999 xx 000 0 und d
082 _b11329
100 _aडॉ. पानवलकर पु. न.
245 _aपुष्पसम्राट गुलाब.
_cडॉ. पानवलकर पु. न.
260 _bडॉ. पानवलकर स्मिता.
_c1990
300 _a60
600 _aडॉ. पानवलकर पु. न.
630 _aपुष्पसम्राट गुलाब.
655 _aइतर.
700 _aडॉ. पानवलकर पु. न.
730 _aपुष्पसम्राट गुलाब.
942 _cBOOK
999 _c263185
_d263185